Responses for show #7215 - Friday, January 15, 2016

Contestants

Mike Drummond, an application scientist from Columbus, Ohio

Jenn Frohlich, a veterinarian from San Diego, California

Amelia Hershberger, a management analyst from Albany, New York (whose 3-day cash winnings total $43,000)

Jeopardy! Round responses

AVENGERS IN OTHER ROLES
FASHIONABLE BRIEFS & SHORTS
THE EARLY 20th CENTURY
TURN ON YOUR T-V
(Alex: Each response will begin with the letter "T" and have a "V" in it, as well.)
O CANADA
OUR HOME & NATIVE LAND
    $200 1
(Jenn: Who is... Iron Man?)
[Initially ruled incorrect; reversed during the first break because "we were a little vague".]

Robert Downey Jr.

AmeliaJenn
    $200 24
T.J.Maxx

Jenn
    $200 5
an atom

Amelia
    $200 8
Ottawa

Jenn
    $200 18
Portugal

Mike
    $400 2
Scarlett Johannson

Amelia
    $400 25
Louis Vuitton

Jenn
    $400 6
fruit (oranges)

Triple Stumper
    $400 27
[The end-of-round signal sounds.]

a tavern

Amelia
    $400 9
(Jenn: Who is Queen Elizabeth II?)

(Queen) Victoria

AmeliaJenn
    $400 19
(Jenn: What is Norway?)
(Mike: What is Sweden?)

Finland

JennMike
Triple Stumper
    $600 3
(Alex: Oh, Amelia, you're just dying to say [*], aren't you? Yeah, but you couldn't get it out. Go again, though.)

Chris Evans

Triple Stumper
    $600 26
zippers

Mike
    $600 13
Lawrence of Arabia

Jenn
    $600 14
twelve

Mike
    $600 10
(Amelia: What are the Canadian Royal Mounted Police?)

the Royal Canadian Mounted Police

AmeliaMike
    $600 20
Chile

Amelia
    $800 4
Mark Ruffalo

Triple Stumper
    $800 17
the St. Valentine's Day Massacre

Triple Stumper
    $800 15
(Alex: That's the holiday, yeah. Amelia couldn't get in in time.)

Thanksgiving

Mike
    $800 11
(Stephen) Harper

Amelia
    $800 21
New Zealand

Mike
    $1000 7
(Jeremy) Renner

Mike
    $1000 23
Trotsky

Amelia
    $1000 16
thrive

Triple Stumper
    $1,000 12
the Yukon Territory

Amelia
    $1000 22
(Amelia: What is the Dominican Republic?)
(Mike: What is Cuba?)
...
(Alex: And we have less than a minute to go now, Mike.)

Panama

AmeliaMike
Triple Stumper

Scores at the first commercial break (after clue 14):

Amelia Jenn Mike
$2,400 $600 $2,200

Scores at the end of the Jeopardy! Round:

Amelia Jenn Mike
$3,400 $800 $3,200

Double Jeopardy! Round responses

THE FIRST CHAPTER
(Alex: You have to identify the work.)
2 WORDS, 7 LETTERS
HOLY HOUSES
THE SENATE MAJORITY LEADER
PLAYING AT WOODSTOCK
"G" WHIZZES
(Alex: Very famous and sharp people whose names begin with the letter "G".)
    $400 1
The Three Musketeers

Mike
    $400 2
red meat

Mike
    $400 22
Shinto

Mike
    $400 17
Harry Reid

Amelia
    $400 16
The Who

Mike
    $400 15
Galileo

Amelia
    $800 5
The Lion, the Witch, and the Wardrobe

Amelia
    $800 3
a ball boy

Mike
    $800 23
Tasmania

Mike
    $800 18
LBJ (Lyndon Johnson)

Amelia
    $800 29
[The end-of-round signal sounds.]

(Janis) Joplin

Jenn
    $800 14
(Richard) Gatling

Jenn
    $1200 6
The Maltese Falcon

Amelia
    $1200 4
(Mike: What is off time?)

off peak

JennMike
    $1200 24
St. John the Divine

Amelia
    $1200 19
Strom Thurmond

Mike
    $1200 11
(Hans) Geiger

Mike
    $1600 7
Harry Potter and the Sorcerer's Stone

Jenn
    $1600 9
a gap year

Jenn
    $1,800 25
(Amelia: What is the Alhambra?)
...
(Alex: Less than a minute now, Amelia.)

the Blue Mosque

Amelia
    $2,000 20
Bob Dole

Mike
    $1600 27
(Jimi) Hendrix

Jenn
    $1600 12
(Robert) Goddard

Triple Stumper
    $2000 8
The House of the Seven Gables

Triple Stumper
    $2000 10
"Right On"

Triple Stumper
    $2000 28
Bali

Triple Stumper
    $2000 21
(Bill) Frist

Mike
    $2000 26
Joe Cocker

Triple Stumper
    $2000 13
(Charles) Goodyear

Jenn

Scores at the end of the Double Jeopardy! Round:

Amelia Jenn Mike
$6,400 $10,400 $11,600

[wagering suggestions for these scores]

Final Jeopardy! Round responses

WESTERN HEMISPHERE FLAGS
AmeliaWhat is Barbados? Yay!
$5,200
JennWhat is St. Francis & Nevins?
$10,400
MikeWhat is the Dominican Republic?
$9,201
the Dominican Republic

Final scores:

Amelia Jenn Mike
$1,200 $0 $20,801
2nd place: $2,000 3rd place: $1,000 New champion: $20,801

Game dynamics:

Coryat scores:

Amelia Jenn Mike
$8,200 $10,400 $11,200
15 R
(including 1 DD),
3 W
(including 1 DD)
12 R,
2 W
17 R
(including 1 DD),
3 W

Combined Coryat: $29,800

The J! Archive is created by fans, for fans. The Jeopardy! game show and all elements thereof, including but not limited to copyright and trademark thereto, are the property of Jeopardy Productions, Inc. and are protected under law. This website is not affiliated with, sponsored by, or operated by Jeopardy Productions, Inc. Join the discussion at JBoard.tv.